Privatizace zemědělství a ekologie.
Očakávaný prínos privatizácie poľnohospodárstva pre ekológiu. Závislosť možností uplatňovania ekologických poznatkov od ekonomického režimu územia. Pomoc začínajúcim poľnohospodárom zo strany územných orgánov.
Salvato in:
| Autore principale: | |
|---|---|
| Natura: | Capitolo di libro |
| Lingua: | ceco |
| Soggetti: | |
| Tags: |
Nessun Tag, puoi essere il primo ad aggiungerne!!
|
MARC
| LEADER | 00000naa a2200000 4500 | ||
|---|---|---|---|
| 001 | r001815 | ||
| 005 | 20221125075858.7 | ||
| 041 | 0 | |a cze | |
| 044 | |a [CS] | ||
| 245 | 1 | 0 | |a Privatizace zemědělství a ekologie. |c J. Mašterová |
| 520 | |a Očakávaný prínos privatizácie poľnohospodárstva pre ekológiu. Závislosť možností uplatňovania ekologických poznatkov od ekonomického režimu územia. Pomoc začínajúcim poľnohospodárom zo strany územných orgánov. | ||
| 610 | 2 | 0 | |a privatizácia |
| 610 | 2 | 0 | |a poľnohospodárstvo |
| 610 | 2 | 0 | |a ekológia |
| 610 | 2 | 0 | |a pôda poľnohospodárska |
| 610 | 2 | 0 | |a ČSFR |
| 100 | 1 | |a Mašterová, Jindra | |